[Event "ARG-ch sf U2000/1700/1400"]
[Site "Chaco"]
[Date "2019.12.21"]
[Round "1.6"]
[White "Ocampo, Agustin"]
[Black "Zalazar, Diego"]
[Result "0-1"]
[WhiteElo "1245"]
[BlackElo "1790"]
[PlyCount "72"]
[EventDate "2019.12.21"]
[EventType "swiss"]
[EventRounds "5"]
[EventCountry "ARG"]
[SourceTitle "EXT 2024"]
[Source "ChessBase"]
[SourceDate "2023.10.10"]
[SourceVersion "1"]
[SourceVersionDate "2023.10.10"]
[SourceQuality "1"]

1. Nf3 d5 2. d3 c5 3. Nbd2 Nc6 4. g3 e5 5. e4 Nf6 6. Bg2 d4 7. a3 Be6 8. 0-0 h5 9. Ng5 Qd7 10. Nxe6 Qxe6 11. h4 Be7 12. Nf3 Ng4 13. Bh3 Qg6 14. Bg5 f6 15. Bd2 Nd8 16. Nh2 Nh6 17. Bxh6 Rxh6 18. Bf5 Qf7 19. Qd2 Rh8 20. f4 Nc6 21. Nf3 Bd6 22. fxe5 Nxe5 23. Nxe5 Bxe5 24. Rf3 g6 25. Bh3 Qc7 26. Kg2 Ke7 27. Raf1 b5 28. c3 Rad8 29. cxd4 Rxd4 30. b4 c4 31. Qc2 Rhd8 32. Rd1 cxd3 33. Qb3 Qc2+ 34. Qxc2 dxc2 35. Rc1 Rd2+ 36. Rf2 Bb2 0-1